|
|
|
|
| LEADER |
01346nam a2200349 a 4500 |
| 001 |
c000005759 |
| 003 |
CARM |
| 005 |
00000000000000.0 |
| 008 |
821101s1981 enkak bs 00100 eng d |
| 015 |
|
|
|a B8231565
|
| 019 |
1 |
|
|a 2350405
|z 2249591
|5 LACONCORD2021
|
| 020 |
|
|
|a 0195202686 :
|c L.15.00
|
| 035 |
|
|
|a (OCoLC)16738821
|5 LACONCORD2021
|
| 040 |
|
|
|d WU
|
| 050 |
|
|
|a HD39
|
| 245 |
0 |
0 |
|a Capital utilization in manufacturing :
|b Columbia, Israel, Malaysia, and the Philippines /
|c Romeo M. Bautista ... [et al.]
|
| 260 |
|
|
|a New York ;
|a Oxford :
|b Published for the World Bank [by] Oxford University Press,
|c c1981.
|
| 300 |
|
|
|a xiv, 274 p. :
|b ill., 1 form ;
|c 25 cm.
|
| 440 |
|
2 |
|a A World Bank research publication
|
| 500 |
|
|
|a Manufacturing industries. Capital. Use (BNB/PRECIS)
|
| 500 |
|
|
|a Includes statistical tables and index.
|
| 504 |
|
|
|a Bibliography: p. 261-268.
|
| 650 |
|
0 |
|a Capital.
|
| 650 |
|
0 |
|a Industrial capacity.
|
| 650 |
|
0 |
|a Capital productivity.
|
| 700 |
1 |
|
|a Bautista, Romeo M.,
|d 1941-
|
| 710 |
2 |
0 |
|a World Bank.
|
| 852 |
8 |
|
|b CARM
|h A2:AJ33F0
|i C04726
|p 0186087
|f BK
|
| 082 |
0 |
4 |
|a 332/.0415
|2 18
|
| 082 |
0 |
4 |
|a 332/.0415
|2 19
|
| 999 |
f |
f |
|i d5ba90d2-14c5-5486-9453-bc99b352c9e6
|s cca51eb9-5397-5e93-95f0-c094eb828873
|
| 952 |
f |
f |
|p Can circulate
|a CAVAL
|b CAVAL
|c CAVAL
|d CARM 1 Store
|e C04726
|f A2:AJ33F0
|h Other scheme
|i book
|m 0186087
|